|
|
|
|
| LEADER |
02559nam a2200613 a 4500 |
| 001 |
nkc20122346142 |
| 003 |
CZ PrNK |
| 005 |
20180122145042.0 |
| 007 |
ta |
| 008 |
120314s2011 xr acghf 000 0 cze |
| 015 |
|
|
|a cnb002346142
|
| 020 |
|
|
|a 978-80-7460-006-7
|q (brož.)
|
| 035 |
|
|
|a (OCoLC)794208136
|
| 040 |
|
|
|a ABA001
|b cze
|d OLA001
|d BOA001
|
| 041 |
0 |
|
|a cze
|a slo
|b eng
|b fre
|b ger
|
| 043 |
|
|
|a e-xr---
|b e-xr-ol
|2 czenas
|
| 045 |
|
|
|a x7x7
|
| 072 |
|
7 |
|a 792
|x Divadlo. Divadelní představení
|2 Konspekt
|9 3
|
| 080 |
|
|
|a 821.162.3-2
|2 MRF
|
| 080 |
|
|
|a 792.2/.8
|2 MRF
|
| 080 |
|
|
|a 792.027.2
|2 MRF
|
| 080 |
|
|
|a (437.325)
|2 MRF
|
| 080 |
|
|
|a (048.8)
|2 MRF
|
| 100 |
1 |
|
|a Lazorčáková, Tatjana,
|d 1954-
|7 jo20010087068
|4 aut
|
| 245 |
1 |
0 |
|a Depeše na kolečkách :
|b HaDivadlo 1978 : analýza, rekonstrukce a dokumentace inscenace režiséra Svatopluka Vály /
|c Tatjana Lazorčáková
|
| 246 |
1 |
8 |
|a Depeše na kolečkách, HaDivadlo 1978
|
| 250 |
|
|
|a Vyd. 1.
|
| 260 |
|
|
|a V Brně :
|b Janáčkova akademie múzických umění,
|c 2011
|
| 300 |
|
|
|a 221 s. :
|b il., portréty, noty, faksim. ;
|c 21 cm +
|e 1 DVD-ROM
|
| 504 |
|
|
|a Obsahuje bibliografii a bibliografické odkazy
|
| 546 |
|
|
|a Část. slovenský text, anglické, francouzské a německé resumé
|
| 600 |
1 |
7 |
|a Vála, Svatopluk,
|d 1943-
|7 ola200200910
|2 czenas
|
| 610 |
2 |
7 |
|a HaDivadlo
|7 kn20010709268
|2 czenas
|
| 630 |
0 |
7 |
|a Depeše na kolečkách
|7 unn2012689566
|2 czenas
|
| 648 |
|
4 |
|a 1978
|
| 648 |
|
7 |
|a 1971-1980
|7 ch460585
|2 czenas
|
| 648 |
|
7 |
|a 20. století
|7 ch460558
|2 czenas
|
| 650 |
0 |
7 |
|a české drama
|7 ph128137
|y 20. století
|2 czenas
|
| 650 |
0 |
7 |
|a divadelní inscenace
|7 ph114330
|z Česko
|y 1971-1980
|2 czenas
|
| 650 |
0 |
7 |
|a divadelní režie
|7 ph119506
|z Česko
|y 20. století
|2 czenas
|
| 650 |
0 |
9 |
|a Czech drama
|y 20th century
|2 eczenas
|
| 650 |
0 |
9 |
|a theatrical productions
|z Czechia
|y 1971-1980
|2 eczenas
|
| 650 |
0 |
9 |
|a theater direction
|z Czechia
|y 20th century
|2 eczenas
|
| 651 |
|
7 |
|a Prostějov (Česko)
|7 ge130531
|2 czenas
|
| 651 |
|
9 |
|a Prostějov (Czechia)
|2 eczenas
|
| 655 |
|
7 |
|a monografie
|7 fd132842
|2 czenas
|
| 655 |
|
9 |
|a monographs
|2 eczenas
|
| 910 |
2 |
|
|a BOA001
|b 2-1282.524
|
| 990 |
|
|
|a BK
|
| 995 |
|
|
|a 01
|
| 991 |
|
|
|b 201203
|c NOV
|e n
|
| 996 |
6 |
|
|b 2610504620
|c 2-1282.524
|l MZK
|r Sklad / do 1 hodiny
|n 1
|p p.v.
|w 001231787
|u 000010
|a 1
|e BOA001
|j MZK50
|s P
|
| 996 |
7 |
|
|b 2610504621
|c 2-1282.524
|l MZK
|r Sklad / do 1 hodiny
|n 6
|p p.v.
|w 001231787
|u 000020
|a 1
|e BOA001
|j MZK50
|s A
|
| 996 |
7 |
|
|b 2610511617
|c 2-1282.524
|l MZK
|r Sklad / do 1 hodiny
|n 8
|p kup
|w 001231787
|u 000030
|a 1
|e BOA001
|j MZK50
|s A
|